| 000 | 00973cam a22002294i 4500 | ||
|---|---|---|---|
| 999 |
_c58243 _d58243 |
||
| 001 | 18326830 | ||
| 005 | 20211006133955.0 | ||
| 008 | 141006s2015 nyu b 001 0 eng | ||
| 020 | _a9780415724449 | ||
| 041 | _ageo | ||
| 080 | _a378.078 K-46 | ||
| 100 | 1 |
_aKing, Elliot _d _912591 |
|
| 245 | 1 | 0 |
_aBest practices in online program development : _bteaching and learning in higher education / _cElliot King, Neil Alperstein. |
| 264 | 1 |
_aNew York : _bRoutledge, _c2015. |
|
| 300 |
_a162 pages ; _c24 cm. |
||
| 490 | 0 | _aBest practices in online teaching and learning. | |
| 653 | _aსაუკეთესო პრაქტიკა ონლაინ პროგრამების შემუშავებაში | ||
| 653 | _aინტერნეტი განათლებაში | ||
| 653 | _aტექნოლოგიური ინოვაციების გავლენა | ||
| 700 |
_aAlperstein, Neil _912592 |
||
| 942 |
_2udc _cBK |
||